Name Meanings Click Quiz - Statistics

General Stats
  • This quiz has been taken 11 times
  • The average score is 7 of 20
Answer Stats
Hint Answer % Correct
Regina Queen
100%
Angelica Angelic
90%
Christopher Bearing Christ
80%
Björn Bear
70%
Conrad Brave Counsel
60%
Sophia Wisdom
60%
Sakura Cherry Blossom
50%
Jason Healer
30%
Daniel God is My Judge
20%
Freya Lady
20%
Vesna Spring
20%
Harvey Battle Worthy
10%
Simon Flat-nosed
10%
Chibueze God is the King
10%
Matilda Strength in Battle
10%
Nicholas Victory of the People
10%
Jamal Beauty
0%
Niamh Bright
0%
Noelani Heavenly Mist
0%
Surya Sun
0%
No matching quizzes found
Score Distribution
Percent of People with Each Score
Percentile by Number Answered
Your Score History
You have not taken this quiz